00363nam a2200121Ia 450000500170000000800410001702000180005808200230007610000210009924500810012026000270020130000130022820250408152537.0231217s9999 xx 000 0 und d a9788179924174 a001.6424JAV SOM;7 aSomasundaram, K. 0aAdvanced programming in Java 2 : updated to J2SE6 with swing servlet and RMI c2012bJaicoaAhmedabad axvi, 817